000 00966 a2200181 4500
003 Nust
005 20170207153549.0
020 _a089412062X
040 _cNust
082 _a005.82
100 _aBarker, Wayne G.
245 _aCryptanalysis of shift-register generated stream cipher systems with computer programs and exercises for the student
_cWayne G. Barker
260 _aAegean Park Press
_bUSA
_c1984
300 _aix, 245 p
505 _aGenerating A Keying Sequence Page 1, Decipherment And Decipherment Using Binary Keying Sequences Page 13, Finding The Length Of The Register And Identifying Two Tied-Together Stages-Without Limitation On The Stages Page 39.Analysis Of A Plabit Text Page 48, Transposed Plabit Text-I Page 58, Transposed Plabit Text Text –II Page 67, Key Generation With Five Registers Page 79, A Five –Register Key Generator Using Decimal Number Ciphering Page 92.
538 _aAlmirah No.22 Shelf No.2
650 _aAcryptographics Series
942 _cREF
999 _c188775
_d188775